[Event "HUN-chT2 9798"]
[Site "Hungary"]
[Date "1998.??.??"]
[Round "?"]
[White "Novak, Laszlo"]
[Black "Pasztor, Ferenc"]
[Result "1/2-1/2"]
[WhiteElo "2205"]
[BlackElo "2240"]
[PlyCount "34"]
[EventDate "1997.??.??"]
[EventType "team"]
[EventRounds "11"]
[EventCountry "HUN"]
[SourceTitle "EXT 1999"]
[Source "ChessBase"]
[SourceDate "1998.11.16"]
[SourceVersion "1"]
[SourceVersionDate "1998.11.16"]
[SourceQuality "1"]

1. e4 c5 2. b3 d6 3. Bb2 Nf6 4. Bb5+ Bd7 5. Bxd7+ Qxd7 6. d3 Nc6 7. Ne2 e5 8. 0-0 Be7 9. Ng3 0-0 10. Nc3 Nd4 11. Nce2 Rac8 12. c3 Nxe2+ 13. Qxe2 Rfe8 14. f4 Qg4 15. Qe3 Nh5 16. Nxh5 Qxh5 17. fxe5 Bg5 1/2-1/2